Statistiques concernant Quiz psg 2023 2024

Cliquez ici pour prendre le quiz!

Statistiques générales

  • Ce quiz a été pris 123 fois
  • Le résultat moyen est 23 sur 41

Statistiques - réponses

PosteNumeroPaysRéponse% Correct
Stade--Parc des princes
95%
Gardien1Costa ricaNavas
89%
Gardien99ItalieDonnaruma
88%
Entraîneur-EspagneLuis Enrique
84%
Milieux38FranceEthan Mbappé
81%
Attaquant7FranceKylian Mbappé
81%
Défenseur3FranceKimpembe
80%
Attaquant9PortugalGonçalo ramos
77%
Défenseur5BresilMarquinhos
77%
Défenseur37SlovaquieSkriniar
77%
Défenseur25PortugalNuno Mendes
76%
Attaquant10FranceDembele
73%
Gardien16EspagneSergio Rico
72%
Défenseur2PortugalHakimi
71%
Millieux4UruguayUgarte
70%
Milieux15PortugalDanilo pereira
67%
Défenseur21FranceHernandez
67%
Milieux6ItalieVerratti
67%
Millieux33FranceWarren Zaïre-Emery
66%
Milieux28EspagneCarlos soler
65%
Milieux8EspagneFabian ruiz
64%
Milieux17PortugalVitinha
60%
Attaquant44FranceEkitike
58%
Attaquant11EspagneMarco Asensio
57%
Milieux19Corée du sudLee Kang In
55%
Défenseur26FranceMukiele
55%
Gardien40EspagneArnau Tenas
54%
Défenseur14EspagneBernat
51%
Milieux-AllemagneDraxler
47%
President-QuatarNasser Al-khelaïfi
46%
Milieux29ItalieCher n.dour
45%
Milieux-ArgentineParedes
42%
Gardien-PologneBulka
41%
Défenseur32FranceKurzawa
36%
Attaquant35EspagneIsmaël Gharbi
33%
Défenseur29FrancePembele
22%
Milieux-FranceMichut
17%
Défenseur36PortugalSerif nhaga
16%
Milieux43FranceLemina
12%
Attaquant39FranceIlyes Housny
4%
Gardien90FranceLeteliers
2%

Distribution des résultats

Percentile par nombre de réponses

% des personnes avec chaque résultat

Votre développement - résultats

Vous n’avez pas pris ce quiz